<?xml version="1.0" encoding="UTF-8"?>
<collection xmlns="http://www.loc.gov/MARC21/slim">
<record>
  <controlfield tag="001">162215</controlfield>
  <controlfield tag="005">20251017144627.0</controlfield>
  <datafield tag="024" ind1="7" ind2=" ">
    <subfield code="2">doi</subfield>
    <subfield code="a">10.24197/em.26.2025.117-154</subfield>
  </datafield>
  <datafield tag="024" ind1="8" ind2=" ">
    <subfield code="2">sideral</subfield>
    <subfield code="a">144811</subfield>
  </datafield>
  <datafield tag="037" ind1=" " ind2=" ">
    <subfield code="a">ART-2025-144811</subfield>
  </datafield>
  <datafield tag="041" ind1=" " ind2=" ">
    <subfield code="a">spa</subfield>
  </datafield>
  <datafield tag="100" ind1=" " ind2=" ">
    <subfield code="a">Lafuente Gómez, Mario</subfield>
    <subfield code="u">Universidad de Zaragoza</subfield>
    <subfield code="0">(orcid)0000-0002-3642-6930</subfield>
  </datafield>
  <datafield tag="245" ind1=" " ind2=" ">
    <subfield code="a">Cautiverio, desarraigo y supervivencia de una comunidad mudéjar castellana: Deza (1429)</subfield>
  </datafield>
  <datafield tag="260" ind1=" " ind2=" ">
    <subfield code="c">2025</subfield>
  </datafield>
  <datafield tag="506" ind1="0" ind2=" ">
    <subfield code="a">Access copy available to the general public</subfield>
    <subfield code="f">Unrestricted</subfield>
  </datafield>
  <datafield tag="520" ind1="3" ind2=" ">
    <subfield code="a">A comienzos de 1429, Alfonso V de Aragón llegó a un acuerdo con el infante Enrique de Castilla y el rey Juan de Navarra para organizar un ejército y realizar una incursión militar en Castilla. Su objetivo era presionar al monarca castellano, Juan II, para que restaurase el poder de los infantes de Aragón en el gobierno del reino. Este artículo analiza una de las operaciones militares protagonizadas por dicho ejército, concretamente, el ataque perpetrado contra la localidad de Deza, situada en el extremo oriental de la Corona de Castilla. El acontecimiento clave que se presentará es la agresión sufrida por la comunidad islámica de esta población, cuyos miembros fueron capturados y puestos en venta en Zaragoza y otras ciudades de la Corona de Aragón. El impacto de este hecho en el contexto local fue destacado ya por algunas crónicas de los siglos XV y XVI, si bien, en este trabajo, nos basaremos preferentemente en documentación inédita procedente del Archivo de la Corona de Aragón y del Archivo Histórico de Protocolos Notariales de Zaragoza.</subfield>
  </datafield>
  <datafield tag="536" ind1=" " ind2=" ">
    <subfield code="9">info:eu-repo/grantAgreement/ES/DGA/H20-23R-CEMA</subfield>
    <subfield code="9">info:eu-repo/grantAgreement/ES/MCINN/PID2021-123286NB-C21</subfield>
  </datafield>
  <datafield tag="540" ind1=" " ind2=" ">
    <subfield code="9">info:eu-repo/semantics/openAccess</subfield>
    <subfield code="a">by</subfield>
    <subfield code="u">https://creativecommons.org/licenses/by/4.0/deed.es</subfield>
  </datafield>
  <datafield tag="655" ind1=" " ind2="4">
    <subfield code="a">info:eu-repo/semantics/article</subfield>
    <subfield code="v">info:eu-repo/semantics/publishedVersion</subfield>
  </datafield>
  <datafield tag="710" ind1="2" ind2=" ">
    <subfield code="1">3012</subfield>
    <subfield code="2">485</subfield>
    <subfield code="a">Universidad de Zaragoza</subfield>
    <subfield code="b">Dpto. Historia</subfield>
    <subfield code="c">Área Historia Medieval</subfield>
  </datafield>
  <datafield tag="773" ind1=" " ind2=" ">
    <subfield code="g">26 (2025), 117-154</subfield>
    <subfield code="p">Edad Media</subfield>
    <subfield code="t">Edad Media</subfield>
    <subfield code="x">2530-6448</subfield>
  </datafield>
  <datafield tag="856" ind1="4" ind2=" ">
    <subfield code="s">559983</subfield>
    <subfield code="u">http://zaguan.unizar.es/record/162215/files/texto_completo.pdf</subfield>
    <subfield code="y">Versión publicada</subfield>
  </datafield>
  <datafield tag="856" ind1="4" ind2=" ">
    <subfield code="s">1808637</subfield>
    <subfield code="u">http://zaguan.unizar.es/record/162215/files/texto_completo.jpg?subformat=icon</subfield>
    <subfield code="x">icon</subfield>
    <subfield code="y">Versión publicada</subfield>
  </datafield>
  <datafield tag="909" ind1="C" ind2="O">
    <subfield code="o">oai:zaguan.unizar.es:162215</subfield>
    <subfield code="p">articulos</subfield>
    <subfield code="p">driver</subfield>
  </datafield>
  <datafield tag="951" ind1=" " ind2=" ">
    <subfield code="a">2025-10-17-14:24:35</subfield>
  </datafield>
  <datafield tag="980" ind1=" " ind2=" ">
    <subfield code="a">ARTICLE</subfield>
  </datafield>
</record>
</collection>